Wonder Boys (VHS-263) (Record no. 196007)
[ view plain ]
| 000 -LEADER | |
|---|---|
| fixed length control field | 00227 a2200109 4500 |
| 003 - CONTROL NUMBER IDENTIFIER | |
| control field | Nust |
| 005 - DATE AND TIME OF LATEST TRANSACTION | |
| control field | 20170207154233.0 |
| 040 ## - CATALOGING SOURCE | |
| Transcribing agency | Nust |
| 082 ## - DEWEY DECIMAL CLASSIFICATION NUMBER | |
| Classification number | 371.33 |
| 245 ## - TITLE STATEMENT | |
| Title | Wonder Boys (VHS-263) |
| 440 ## - SERIES STATEMENT/ADDED ENTRY--TITLE | |
| Title | Wonder Boys (VHS-263) |
| 538 ## - SYSTEM DETAILS NOTE | |
| System details note | Duration 132 Mins |
| Withdrawn status | Lost status | Source of classification or shelving scheme | Damaged status | Not for loan | Collection code | Permanent Location | Current Location | Date acquired | Total Checkouts | Full call number | Barcode | Date last seen | Price effective from | Koha item type |
|---|---|---|---|---|---|---|---|---|---|---|---|---|---|---|
| Military College of Signals (MCS) | Military College of Signals (MCS) | 12/12/2016 | 371.33 WON | MCSVHS-263 | 12/08/2016 | 12/12/2016 | Book |
